| 000 | 00458 a2200133 4500 | ||
|---|---|---|---|
| 001 | 92203 | ||
| 082 | _aPR 2474 | ||
| 090 |
_c44162 _d44161 |
||
| 100 | _aQasim Manzoor; Prof Ali Sarosh and Shuaib Salamat (Advisors) | ||
| 245 |
_aConceptual Desig of a Dual-mode Scramjet Propulsion System for Integration to a Hypersonic Cruise Vehicle in Booster Configuration _n77 "A" EC |
||
| 260 |
_aIslamabd _bNUST _c2014 |
||
| 300 | _a99p. | ||
| 500 | _aBE Project Report | ||
| 942 |
_aCAE NUST _kPR 2474 |
||
| 999 |
_c327276 _d327276 |
||